[Event "Blitz Women"]
[Site "?"]
[Date "2018.08.03"]
[Round "5.5"]
[White "Abdumalik, Zhansaya"]
[Black "Pham, Le Thao Nguyen"]
[Result "1-0"]
[BlackElo "2385"]
[WhiteElo "2401"]
[LiveChessVersion "1.4.8"]

1. e4 {[%clk 0:03:04]} e5 {[%clk 0:03:03]} 2. Nf3 {[%clk 0:03:05]} Nc6
{[%clk 0:03:04]} 3. Bb5 {[%clk 0:03:06]} Nf6 {[%clk 0:03:05]} 4. d3
{[%clk 0:03:07]} Bc5 {[%clk 0:03:05]} 5. c3 {[%clk 0:03:07]} d6 {[%clk 0:03:06]}
6. O-O {[%clk 0:03:07]} Bd7 {[%clk 0:03:07]} 7. h3 {[%clk 0:03:04]} a6
{[%clk 0:03:08]} 8. Ba4 {[%clk 0:03:05]} O-O {[%clk 0:03:08]} 9. Re1
{[%clk 0:03:05]} Ba7 {[%clk 0:03:08]} 10. Nbd2 {[%clk 0:03:06]} Ne7
{[%clk 0:03:08]} 11. Bc2 {[%clk 0:03:02]} Ng6 {[%clk 0:03:07]} 12. Nf1
{[%clk 0:03:03]} Re8 {[%clk 0:03:03]} 13. Ng3 {[%clk 0:02:53]} d5
{[%clk 0:02:54]} 14. a4 {[%clk 0:02:54]} h6 {[%clk 0:02:39]} 15. Be3
{[%clk 0:02:31]} Bxe3 {[%clk 0:02:32]} 16. Rxe3 {[%clk 0:02:31]} Be6
{[%clk 0:02:18]} 17. a5 {[%clk 0:02:21]} dxe4 {[%clk 0:02:05]} 18. dxe4
{[%clk 0:02:22]} Qxd1+ {[%clk 0:02:00]} 19. Rxd1 {[%clk 0:02:23]} Rad8
{[%clk 0:01:58]} 20. Red3 {[%clk 0:02:20]} Rxd3 {[%clk 0:01:58]} 21. Rxd3
{[%clk 0:02:21]} Kf8 {[%clk 0:01:40]} 22. Rd1 {[%clk 0:02:14]} Nd7
{[%clk 0:01:30]} 23. b4 {[%clk 0:02:14]} c5 {[%clk 0:01:15]} 24. Ba4
{[%clk 0:02:09]} Rd8 {[%clk 0:01:06]} 25. Nf5 {[%clk 0:02:08]} cxb4
{[%clk 0:01:06]} 26. cxb4 {[%clk 0:02:09]} Nf4 {[%clk 0:00:56]} 27. Nxe5
{[%clk 0:02:03]} Ne2+ {[%clk 0:00:54]} 28. Kf1 {[%clk 0:01:52]} Nc3
{[%clk 0:00:41]} 29. Nxd7+ {[%clk 0:01:51]} Rxd7 {[%clk 0:00:35]} 30. Rxd7
{[%clk 0:01:52]} Nxa4 {[%clk 0:00:34]} 31. Rd8# {[%clk 0:01:53]} 1-0

[Event "Blitz Women"]
[Site "?"]
[Date "2018.08.03"]
[Round "5.6"]
[White "Hoang, Thi Bao Tram"]
[Black "Saduakassova, Dinara"]
[Result "1/2-1/2"]
[BlackElo "2360"]
[WhiteElo "2314"]
[LiveChessVersion "1.4.8"]

1. d4 {[%clk 0:03:02]} Nf6 {[%clk 0:03:04]} 2. Nf3 {[%clk 0:03:02]} b6
{[%clk 0:03:05]} 3. Bg5 {[%clk 0:02:53]} Bb7 {[%clk 0:03:06]} 4. Nbd2
{[%clk 0:02:54]} g6 {[%clk 0:03:06]} 5. Bxf6 {[%clk 0:02:39]} exf6
{[%clk 0:03:07]} 6. e3 {[%clk 0:02:33]} Bg7 {[%clk 0:03:07]} 7. g3
{[%clk 0:02:33]} d6 {[%clk 0:03:06]} 8. Bg2 {[%clk 0:02:34]} f5 {[%clk 0:03:07]}
9. O-O {[%clk 0:02:33]} O-O {[%clk 0:03:07]} 10. a4 {[%clk 0:02:33]} a5
{[%clk 0:03:03]} 11. Nh4 {[%clk 0:02:19]} d5 {[%clk 0:02:47]} 12. c4
{[%clk 0:02:14]} f4 {[%clk 0:02:33]} 13. cxd5 {[%clk 0:01:40]} fxe3
{[%clk 0:02:29]} 14. fxe3 {[%clk 0:01:41]} Bxd5 {[%clk 0:02:29]} 15. Bxd5
{[%clk 0:01:30]} Qxd5 {[%clk 0:02:31]} 16. Qf3 {[%clk 0:01:31]} Qxf3
{[%clk 0:02:26]} 17. Nhxf3 {[%clk 0:01:32]} Nd7 {[%clk 0:02:26]} 18. Rac1
{[%clk 0:01:25]} c5 {[%clk 0:02:26]} 19. Rc4 {[%clk 0:01:25]} Rfe8
{[%clk 0:02:08]} 20. Kf2 {[%clk 0:01:26]} cxd4 {[%clk 0:02:04]} 21. exd4
{[%clk 0:01:17]} Nf6 {[%clk 0:01:55]} 22. Rc6 {[%clk 0:00:56]} Ng4+
{[%clk 0:01:54]} 23. Kg1 {[%clk 0:00:56]} Re2 {[%clk 0:01:50]} 24. h3
{[%clk 0:00:54]} Nf6 {[%clk 0:01:02]} 25. Nc4 {[%clk 0:00:52]} Ne4
{[%clk 0:00:57]} 26. g4 {[%clk 0:00:35]} Rd8 {[%clk 0:00:51]} 27. Rd1
{[%clk 0:00:26]} Rc2 {[%clk 0:00:37]} 28. b3 {[%clk 0:00:23]} Rc3
{[%clk 0:00:34]} 29. Kg2 {[%clk 0:00:22]} Rxb3 {[%clk 0:00:31]} 30. Rxb6
{[%clk 0:00:15]} Rxb6 {[%clk 0:00:28]} 31. Nxb6 {[%clk 0:00:16]} Rb8
{[%clk 0:00:28]} 32. Nc4 {[%clk 0:00:08]} Rb4 {[%clk 0:00:27]} 33. Nxa5
{[%clk 0:00:07]} Rxa4 {[%clk 0:00:28]} 34. Nc6 {[%clk 0:00:08]} Ra2+
{[%clk 0:00:28]} 35. Kg1 {[%clk 0:00:09]} Nc3 {[%clk 0:00:26]} 36. Rd3
{[%clk 0:00:10]} Ne2+ {[%clk 0:00:26]} 37. Kf2 {[%clk 0:00:06]} Nf4+
{[%clk 0:00:27]} 38. Rd2 {[%clk 0:00:07]} Nxh3+ {[%clk 0:00:24]} 39. Kg3
{[%clk 0:00:08]} Rxd2 {[%clk 0:00:25]} 40. Nxd2 {[%clk 0:00:09]} Ng5
{[%clk 0:00:26]} 41. d5 {[%clk 0:00:10]} Bf8 {[%clk 0:00:27]} 42. Nc4
{[%clk 0:00:11]} Ne4+ {[%clk 0:00:28]} 43. Kf4 {[%clk 0:00:12]} Nd6
{[%clk 0:00:29]} 44. N4e5 {[%clk 0:00:13]} f6 {[%clk 0:00:28]} 45. Nd7
{[%clk 0:00:14]} Bh6+ {[%clk 0:00:28]} 46. Kf3 {[%clk 0:00:15]} Kf7
{[%clk 0:00:29]} 47. Nc5 {[%clk 0:00:13]} Bd2 {[%clk 0:00:27]} 48. Nb3
{[%clk 0:00:12]} Bc3 {[%clk 0:00:27]} 49. Nc5 {[%clk 0:00:12]} f5
{[%clk 0:00:25]} 50. gxf5 {[%clk 0:00:12]} Nxf5 {[%clk 0:00:25]} 51. Ne4
{[%clk 0:00:13]} Nd4+ {[%clk 0:00:22]} 52. Kf4 {[%clk 0:00:09]} Nxc6
{[%clk 0:00:22]} 53. dxc6 {[%clk 0:00:10]} Ba5 {[%clk 0:00:23]} 54. Kg5
{[%clk 0:00:09]} Kg7 {[%clk 0:00:21]} 55. Kf4 {[%clk 0:00:08]} Bc7+
{[%clk 0:00:22]} 56. Kg4 {[%clk 0:00:09]} h5+ {[%clk 0:00:22]} 57. Kh4
{[%clk 0:00:09]} Kf7 {[%clk 0:00:23]} 58. Ng5+ {[%clk 0:00:10]} Kf6
{[%clk 0:00:24]} 59. Ne4+ {[%clk 0:00:10]} Kf5 {[%clk 0:00:25]} 60. Ng3+
{[%clk 0:00:11]} Kf4 {[%clk 0:00:24]} 61. Nxh5+ {[%clk 0:00:12]} gxh5
{[%clk 0:00:25]} 62. Kxh5 {[%clk 0:00:14]} 1/2-1/2

[Event "Blitz Women"]
[Site "?"]
[Date "2018.08.03"]
[Round "5.7"]
[White "Nakhbayeva, Guliskhan"]
[Black "Nguyen, Thi Thanh An"]
[Result "0-1"]
[BlackElo "2208"]
[WhiteElo "2268"]
[LiveChessVersion "1.4.8"]

1. d4 {[%clk 0:03:04]} Nf6 {[%clk 0:03:03]} 2. c4 {[%clk 0:03:04]} g6
{[%clk 0:03:04]} 3. Nc3 {[%clk 0:03:06]} Bg7 {[%clk 0:03:06]} 4. e4
{[%clk 0:03:07]} d6 {[%clk 0:03:07]} 5. h3 {[%clk 0:03:08]} O-O {[%clk 0:03:06]}
6. Bg5 {[%clk 0:03:09]} c6 {[%clk 0:02:59]} 7. Bd3 {[%clk 0:03:09]} Qb6
{[%clk 0:02:56]} 8. Nge2 {[%clk 0:03:03]} Qxb2 {[%clk 0:02:53]} 9. Rb1
{[%clk 0:02:49]} Qa3 {[%clk 0:02:54]} 10. Bd2 {[%clk 0:02:49]} Qa5
{[%clk 0:02:47]} 11. O-O {[%clk 0:02:41]} Qc7 {[%clk 0:02:46]} 12. f4
{[%clk 0:02:37]} e5 {[%clk 0:02:27]} 13. d5 {[%clk 0:02:17]} exf4
{[%clk 0:02:21]} 14. Bxf4 {[%clk 0:02:13]} Nbd7 {[%clk 0:02:21]} 15. Qd2
{[%clk 0:02:11]} Nh5 {[%clk 0:02:12]} 16. Bh6 {[%clk 0:02:07]} Ne5
{[%clk 0:02:09]} 17. Bxg7 {[%clk 0:02:02]} Nxg7 {[%clk 0:02:07]} 18. Kh1
{[%clk 0:01:42]} c5 {[%clk 0:02:08]} 19. Nf4 {[%clk 0:01:25]} Qe7
{[%clk 0:02:06]} 20. Nce2 {[%clk 0:01:14]} Rb8 {[%clk 0:02:01]} 21. Ng3
{[%clk 0:01:15]} Qh4 {[%clk 0:01:55]} 22. Qe3 {[%clk 0:01:07]} Bd7
{[%clk 0:01:48]} 23. Be2 {[%clk 0:01:06]} a6 {[%clk 0:01:46]} 24. Rb6
{[%clk 0:01:06]} Qe7 {[%clk 0:01:35]} 25. Rfb1 {[%clk 0:01:07]} Bc8
{[%clk 0:01:20]} 26. Rxa6 {[%clk 0:01:06]} Bxh3 {[%clk 0:01:15]} 27. Nxh3
{[%clk 0:00:46]} bxa6 {[%clk 0:01:16]} 28. Rf1 {[%clk 0:00:39]} Qh4
{[%clk 0:01:12]} 29. Rf4 {[%clk 0:00:39]} Qe7 {[%clk 0:01:12]} 30. Rf1
{[%clk 0:00:39]} Rb4 {[%clk 0:01:09]} 31. Qh6 {[%clk 0:00:40]} f6
{[%clk 0:01:01]} 32. Nf4 {[%clk 0:00:33]} Rfb8 {[%clk 0:00:59]} 33. Kg1
{[%clk 0:00:29]} Rb1 {[%clk 0:01:00]} 34. Bd1 {[%clk 0:00:29]} R8b2
{[%clk 0:00:56]} 35. Ngh5 {[%clk 0:00:20]} gxh5 36. Nxh5 {[%clk 0:00:21]} Nxh5
{[%clk 0:00:53]} 37. Qxh5 {[%clk 0:00:22]} Ng6 {[%clk 0:00:50]} 38. Qf5
{[%clk 0:00:20]} Kg7 {[%clk 0:00:48]} 39. g4 {[%clk 0:00:15]} Qe5
{[%clk 0:00:47]} 40. Qd7+ {[%clk 0:00:15]} Kh6 {[%clk 0:00:48]} 41. g5+
{[%clk 0:00:07]} Qxg5+ {[%clk 0:00:49]} 0-1

[Event "Blitz Women"]
[Site "?"]
[Date "2018.08.03"]
[Round "5.8"]
[White "Nguyen, Thi Mai Hung"]
[Black "Serikbay, Assel"]
[Result "1-0"]
[BlackElo "1895"]
[WhiteElo "2256"]
[LiveChessVersion "1.4.8"]

1. d4 {[%clk 0:03:03]} d5 {[%clk 0:03:03]} 2. Nf3 {[%clk 0:03:03]} Nf6
{[%clk 0:03:04]} 3. Bf4 {[%clk 0:03:03]} c5 {[%clk 0:03:04]} 4. e3
{[%clk 0:03:05]} e6 {[%clk 0:03:04]} 5. Nbd2 {[%clk 0:03:03]} Nc6
{[%clk 0:03:01]} 6. c3 {[%clk 0:03:03]} Be7 {[%clk 0:03:01]} 7. h3
{[%clk 0:03:02]} Bd6 {[%clk 0:03:01]} 8. Ne5 {[%clk 0:03:01]} O-O
{[%clk 0:02:29]} 9. Bd3 {[%clk 0:03:02]} Qc7 {[%clk 0:02:23]} 10. Ndf3
{[%clk 0:02:57]} b6 {[%clk 0:01:54]} 11. O-O {[%clk 0:02:53]} Bb7
{[%clk 0:01:55]} 12. Qe2 {[%clk 0:02:41]} Ne4 {[%clk 0:01:43]} 13. Bc2
{[%clk 0:02:06]} f6 {[%clk 0:01:38]} 14. Nd3 {[%clk 0:02:07]} c4 {[%clk 0:01:16]}
15. Bxd6 {[%clk 0:02:07]} Qxd6 {[%clk 0:01:10]} 16. Nde1 {[%clk 0:01:37]} b5
{[%clk 0:01:07]} 17. Nd2 {[%clk 0:01:16]} Nxd2 {[%clk 0:00:57]} 18. Qxd2
{[%clk 0:01:17]} e5 {[%clk 0:00:54]} 19. f4 {[%clk 0:00:38]} e4 {[%clk 0:00:51]}
20. a3 {[%clk 0:00:35]} a5 {[%clk 0:00:46]} 21. g3 {[%clk 0:00:36]} Bc8
{[%clk 0:00:42]} 22. Kh2 {[%clk 0:00:37]} Qe6 {[%clk 0:00:36]} 23. f5
{[%clk 0:00:30]} Qd6 {[%clk 0:00:37]} 24. Ng2 {[%clk 0:00:31]} Ne7
{[%clk 0:00:36]} 25. Nh4 {[%clk 0:00:31]} g6 {[%clk 0:00:28]} 26. fxg6 hxg6
{[%clk 0:00:29]} 27. Qf2 {[%clk 0:00:31]} Qe6 {[%clk 0:00:27]} 28. g4
{[%clk 0:00:27]} Qd6+ {[%clk 0:00:25]} 29. Qg3 {[%clk 0:00:28]} Qxg3+
{[%clk 0:00:24]} 30. Kxg3 {[%clk 0:00:29]} Kg7 {[%clk 0:00:24]} 31. Rf2
{[%clk 0:00:28]} f5 {[%clk 0:00:23]} 32. g5 {[%clk 0:00:26]} Bd7 {[%clk 0:00:15]}
33. Ng2 {[%clk 0:00:27]} Rab8 {[%clk 0:00:09]} 34. Nf4 {[%clk 0:00:26]} Rh8
{[%clk 0:00:08]} 35. h4 {[%clk 0:00:26]} Rb7 {[%clk 0:00:07]} 36. Rh2
{[%clk 0:00:25]} Rbb8 {[%clk 0:00:06]} 37. Rah1 {[%clk 0:00:26]} Be8
{[%clk 0:00:06]} 38. Bd1 {[%clk 0:00:24]} a4 {[%clk 0:00:06]} 39. Ne6+
{[%clk 0:00:23]} Kf7 {[%clk 0:00:07]} 40. Nc5 {[%clk 0:00:24]} Kg7
{[%clk 0:00:08]} 41. Kf4 {[%clk 0:00:20]} Nc6 42. h5 {[%clk 0:00:19]} gxh5
{[%clk 0:00:09]} 43. Bxh5 {[%clk 0:00:20]} Bxh5 {[%clk 0:00:11]} 44. Rxh5
{[%clk 0:00:21]} Rxh5 {[%clk 0:00:09]} 45. Rxh5 {[%clk 0:00:22]} Ne7
{[%clk 0:00:06]} 46. Rh6 Ng6+ {[%clk 0:00:05]} 47. Kxf5 {[%clk 0:00:19]} Rf8+
{[%clk 0:00:07]} 48. Ke6 {[%clk 0:00:13]} Rf3 {[%clk 0:00:07]} 49. Kxd5
{[%clk 0:00:14]} Rxe3 {[%clk 0:00:08]} 50. Nxe4 {[%clk 0:00:14]} Ne7+
{[%clk 0:00:07]} 51. Ke5 {[%clk 0:00:15]} Ng6+ {[%clk 0:00:09]} 52. Kf5
{[%clk 0:00:13]} Ne7+ {[%clk 0:00:08]} 53. Kf4 {[%clk 0:00:14]} Re2
{[%clk 0:00:08]} 54. Re6 {[%clk 0:00:11]} Ng6+ {[%clk 0:00:08]} 55. Kf5
{[%clk 0:00:10]} Nh4+ {[%clk 0:00:08]} 56. Kg4 {[%clk 0:00:10]} Ng6
{[%clk 0:00:09]} 57. Kf5 {[%clk 0:00:08]} Nh4+ {[%clk 0:00:11]} 58. Kg4
{[%clk 0:00:09]} Ng6 {[%clk 0:00:12]} 59. Kf3 {[%clk 0:00:03]} Rxb2
{[%clk 0:00:11]} 60. Rb6 {[%clk 0:00:04]} Nh4+ {[%clk 0:00:12]} 61. Kg4
{[%clk 0:00:05]} Ng6 {[%clk 0:00:12]} 62. Rb7+ {[%clk 0:00:06]} Kf8
{[%clk 0:00:13]} 63. Kf5 {[%clk 0:00:06]} Nh4+ {[%clk 0:00:14]} 64. Kf6
{[%clk 0:00:07]} Ke8 {[%clk 0:00:15]} 65. Nd6+ {[%clk 0:00:07]} Kd8
{[%clk 0:00:15]} 66. Nf7+ {[%clk 0:00:07]} Kc8 {[%clk 0:00:16]} 67. Nd6+
{[%clk 0:00:07]} Kd8 {[%clk 0:00:18]} 68. Rxb5 {[%clk 0:00:04]} Rf2+
{[%clk 0:00:18]} 69. Ke6 {[%clk 0:00:04]} Re2+ {[%clk 0:00:19]} 70. Kd5
{[%clk 0:00:03]} Ng6 {[%clk 0:00:17]} 71. Kxc4 {[%clk 0:00:04]} Kd7
{[%clk 0:00:18]} 72. Nf5 {[%clk 0:00:04]} Ra2 {[%clk 0:00:15]} 73. Kb4
{[%clk 0:00:05]} Ke6 {[%clk 0:00:12]} 74. Ne3 {[%clk 0:00:06]} Re2
{[%clk 0:00:13]} 75. Nc4 {[%clk 0:00:07]} Rc2 {[%clk 0:00:10]} 76. Rb6+
{[%clk 0:00:08]} Kf5 {[%clk 0:00:11]} 77. Ne3+ {[%clk 0:00:09]} 1-0

[Event "Blitz Women"]
[Site "?"]
[Date "2018.08.03"]
[Round "6.1"]
[White "Lei, Tingjie"]
[Black "Yaghy, Ritta."]
[Result "1-0"]
[BlackElo "1773"]
[WhiteElo "2468"]
[LiveChessVersion "1.4.8"]

1. Nf3 {[%clk 0:03:02]} d5 {[%clk 0:03:04]} 2. c4 {[%clk 0:03:02]} dxc4
{[%clk 0:03:05]} 3. Qa4+ {[%clk 0:02:59]} Bd7 {[%clk 0:03:06]} 4. Qxc4
{[%clk 0:02:59]} Nf6 {[%clk 0:03:05]} 5. g3 {[%clk 0:02:58]} e6 {[%clk 0:03:01]}
6. d4 {[%clk 0:02:57]} Bc6 {[%clk 0:03:01]} 7. Bg2 {[%clk 0:02:57]} Nbd7
{[%clk 0:03:01]} 8. Nbd2 {[%clk 0:02:55]} Bd6 {[%clk 0:02:55]} 9. O-O
{[%clk 0:02:54]} a6 {[%clk 0:02:54]} 10. b3 {[%clk 0:02:55]} Bb5 {[%clk 0:02:50]}
11. Qc2 {[%clk 0:02:55]} Bxe2 {[%clk 0:02:47]} 12. Re1 {[%clk 0:02:56]} Bb5
{[%clk 0:02:46]} 13. Ne5 {[%clk 0:02:55]} O-O {[%clk 0:02:24]} 14. Bxb7
{[%clk 0:02:54]} Rb8 {[%clk 0:02:25]} 15. Bg2 {[%clk 0:02:54]} a5
{[%clk 0:02:15]} 16. a4 {[%clk 0:02:48]} Ba6 {[%clk 0:02:01]} 17. Nc6 Qe8 18.
Nxb8 {[%clk 0:02:49]} Qxb8 {[%clk 0:02:03]} 19. Nc4 {[%clk 0:02:44]} Bb4
{[%clk 0:01:58]} 20. Rd1 {[%clk 0:02:45]} c5 {[%clk 0:01:51]} 21. Bf4
{[%clk 0:02:41]} Qa7 {[%clk 0:01:47]} 22. dxc5 {[%clk 0:02:14]} Bxc5
{[%clk 0:01:39]} 23. Bd6 {[%clk 0:02:12]} Rc8 {[%clk 0:01:24]} 24. Bxc5
{[%clk 0:02:11]} Nxc5 {[%clk 0:01:23]} 25. Nxa5 {[%clk 0:02:04]} h6
{[%clk 0:01:11]} 26. Nc6 {[%clk 0:01:59]} Qb6 {[%clk 0:00:38]} 27. Ne7+
{[%clk 0:01:59]} Kf8 {[%clk 0:00:40]} 28. Nxc8 {[%clk 0:01:59]} Bxc8
{[%clk 0:00:41]} 29. a5 {[%clk 0:01:57]} Qc7 {[%clk 0:00:38]} 30. b4
{[%clk 0:01:55]} Na6 {[%clk 0:00:38]} 31. Qxc7 Nxc7 {[%clk 0:00:39]} 32. Rd8+
{[%clk 0:01:55]} Ke7 {[%clk 0:00:40]} 33. Rxc8 {[%clk 0:01:56]} Nb5
{[%clk 0:00:42]} 34. a6 {[%clk 0:01:55]} Ke8 {[%clk 0:03:02]} 1-0

[Event "Blitz Women"]
[Site "?"]
[Date "2018.08.03"]
[Round "6.2"]
[White "Yazji, Mada"]
[Black "Wang, Jue"]
[Result "0-1"]
[BlackElo "2373"]
[WhiteElo "1723"]
[LiveChessVersion "1.4.8"]

1. e4 {[%clk 0:03:03]} c5 {[%clk 0:03:03]} 2. Nf3 {[%clk 0:03:04]} d6
{[%clk 0:03:05]} 3. Bb5+ {[%clk 0:03:06]} Nd7 {[%clk 0:03:05]} 4. O-O
{[%clk 0:03:06]} a6 {[%clk 0:03:07]} 5. Be2 {[%clk 0:03:08]} Ngf6
{[%clk 0:03:07]} 6. d3 {[%clk 0:03:09]} g6 {[%clk 0:03:07]} 7. Re1
{[%clk 0:03:10]} Bg7 {[%clk 0:03:08]} 8. a4 {[%clk 0:03:03]} O-O {[%clk 0:03:08]}
9. a5 {[%clk 0:03:01]} Nb8 {[%clk 0:03:07]} 10. Nc3 {[%clk 0:03:02]} Nc6
{[%clk 0:03:08]} 11. Bd2 {[%clk 0:02:48]} Nxa5 {[%clk 0:03:03]} 12. Bf1
{[%clk 0:02:31]} Nc6 {[%clk 0:03:03]} 13. h3 Nd7 {[%clk 0:02:56]} 14. Rb1
{[%clk 0:02:21]} b5 {[%clk 0:02:56]} 15. Nd5 {[%clk 0:02:20]} e6 {[%clk 0:02:55]}
16. Ne3 {[%clk 0:02:17]} Bb7 {[%clk 0:02:49]} 17. c3 {[%clk 0:01:54]} Nde5
{[%clk 0:02:45]} 18. Nxe5 {[%clk 0:01:46]} dxe5 {[%clk 0:02:43]} 19. g4
{[%clk 0:01:24]} Qe7 {[%clk 0:02:34]} 20. Bg2 {[%clk 0:01:24]} Rad8
{[%clk 0:02:34]} 21. Qe2 Rd7 {[%clk 0:02:32]} 22. Rbd1 {[%clk 0:01:09]} Rfd8
{[%clk 0:02:32]} 23. Bc1 {[%clk 0:01:10]} a5 {[%clk 0:02:33]} 24. Nf1
{[%clk 0:01:03]} b4 {[%clk 0:02:32]} 25. cxb4 {[%clk 0:01:01]} Nxb4
{[%clk 0:02:30]} 26. Ng3 {[%clk 0:00:32]} Nxd3 {[%clk 0:02:29]} 27. Rf1
{[%clk 0:00:33]} Nf4 {[%clk 0:02:29]} 28. Qb5 {[%clk 0:00:28]} Rxd1
{[%clk 0:02:28]} 0-1

[Event "Blitz Women"]
[Site "?"]
[Date "2018.08.03"]
[Round "6.3"]
[White "Guo, Qi"]
[Black "Mahmoud, Roula"]
[Result "1-0"]
[BlackElo "1642"]
[WhiteElo "2362"]
[LiveChessVersion "1.4.8"]

1. d4 {[%clk 0:03:02]} Nf6 {[%clk 0:03:03]} 2. Bg5 {[%clk 0:03:02]} e6
{[%clk 0:03:01]} 3. e4 {[%clk 0:03:03]} d6 {[%clk 0:03:01]} 4. Nd2
{[%clk 0:03:00]} Be7 {[%clk 0:03:02]} 5. Ngf3 {[%clk 0:02:59]} O-O
{[%clk 0:03:01]} 6. Bd3 {[%clk 0:03:00]} c5 {[%clk 0:03:01]} 7. c3
{[%clk 0:03:01]} cxd4 {[%clk 0:03:02]} 8. cxd4 {[%clk 0:03:01]} a6
{[%clk 0:03:04]} 9. O-O {[%clk 0:03:01]} Nc6 {[%clk 0:03:04]} 10. Qe2
{[%clk 0:03:01]} Nb4 {[%clk 0:03:02]} 11. Bb1 {[%clk 0:03:01]} Bd7
{[%clk 0:03:00]} 12. Nc4 {[%clk 0:02:24]} Bb5 {[%clk 0:02:32]} 1-0

[Event "Blitz Women"]
[Site "?"]
[Date "2018.08.03"]
[Round "6.4"]
[White "Alkaseer, Roaa."]
[Black "Zhai, Mo"]
[Result "0-1"]
[BlackElo "2325"]
[WhiteElo "1720"]
[LiveChessVersion "1.4.8"]

1. e4 {[%clk 0:03:02]} c5 {[%clk 0:03:03]} 2. Nf3 {[%clk 0:03:03]} d6
{[%clk 0:03:04]} 3. d4 {[%clk 0:03:04]} cxd4 {[%clk 0:03:05]} 4. Nxd4
{[%clk 0:03:05]} Nf6 {[%clk 0:03:05]} 5. Nc3 {[%clk 0:03:06]} a6 {[%clk 0:03:06]}
6. Be3 {[%clk 0:03:04]} e6 {[%clk 0:03:03]} 7. f3 {[%clk 0:03:02]} Nbd7
{[%clk 0:03:03]} 8. Qd2 {[%clk 0:02:59]} b5 {[%clk 0:03:04]} 9. a3
{[%clk 0:02:52]} Bb7 {[%clk 0:03:04]} 10. O-O-O {[%clk 0:02:51]} Nb6
{[%clk 0:02:54]} 11. g4 {[%clk 0:02:51]} Nfd7 {[%clk 0:02:55]} 12. h4
{[%clk 0:02:46]} Ne5 {[%clk 0:02:54]} 13. Ndxb5 {[%clk 0:02:29]} axb5
{[%clk 0:02:51]} 14. Bxb5+ {[%clk 0:02:30]} Bc6 {[%clk 0:02:42]} 15. Rhe1
{[%clk 0:02:01]} Qd7 {[%clk 0:02:26]} 16. Be2 {[%clk 0:01:32]} Nbc4
{[%clk 0:02:22]} 17. Qd4 {[%clk 0:01:16]} Nxe3 {[%clk 0:01:54]} 18. Qxe3
{[%clk 0:01:16]} Qb7 {[%clk 0:01:31]} 19. f4 {[%clk 0:01:15]} Nd7
{[%clk 0:01:31]} 20. f5 {[%clk 0:01:11]} Ne5 {[%clk 0:01:26]} 21. fxe6
{[%clk 0:01:05]} fxe6 {[%clk 0:01:26]} 22. Rf1 {[%clk 0:00:55]} Rb8
{[%clk 0:01:22]} 23. b4 {[%clk 0:00:46]} Ra8 {[%clk 0:01:11]} 24. Kb2
{[%clk 0:00:41]} Be7 {[%clk 0:01:11]} 25. g5 {[%clk 0:00:36]} Bd7
{[%clk 0:00:54]} 26. Rf4 {[%clk 0:00:18]} Nc6 {[%clk 0:00:47]} 27. Na2
{[%clk 0:00:11]} Ne5 {[%clk 0:00:39]} 28. Rdf1 {[%clk 0:00:13]} Qc6
{[%clk 0:00:35]} 29. c3 {[%clk 0:00:13]} Qa4 {[%clk 0:00:30]} 30. c4 Rc8
{[%clk 0:00:25]} 31. Qb3 {[%clk 0:00:13]} Qa7 {[%clk 0:00:22]} 32. b5
{[%clk 0:00:13]} Qd4+ {[%clk 0:00:18]} 33. Qc3 {[%clk 0:00:14]} Nxc4+
{[%clk 0:00:16]} 34. Kb3 {[%clk 0:00:11]} Nd2+ {[%clk 0:00:16]} 35. Qxd2
{[%clk 0:00:08]} Qxd2 {[%clk 0:00:16]} 0-1

[Event "Blitz Women"]
[Site "?"]
[Date "2018.08.03"]
[Round "6.5"]
[White "Harika, Dronavalli"]
[Black "Khademalsharieh, Sarasadat"]
[Result "1-0"]
[BlackElo "2362"]
[WhiteElo "2473"]
[LiveChessVersion "1.4.8"]

1. Nf3 {[%clk 0:03:03]} d5 {[%clk 0:03:02]} 2. g3 {[%clk 0:03:03]} Nf6
{[%clk 0:03:03]} 3. Bg2 {[%clk 0:03:04]} Bg4 {[%clk 0:03:02]} 4. c4
{[%clk 0:03:02]} c6 {[%clk 0:03:00]} 5. cxd5 {[%clk 0:02:56]} cxd5
{[%clk 0:02:58]} 6. Ne5 {[%clk 0:02:57]} Bc8 {[%clk 0:02:35]} 7. d4
{[%clk 0:02:56]} Nc6 {[%clk 0:02:34]} 8. Nc3 {[%clk 0:02:56]} e6 {[%clk 0:02:33]}
9. Nxc6 {[%clk 0:02:41]} bxc6 {[%clk 0:02:34]} 10. O-O {[%clk 0:02:41]} Be7
{[%clk 0:02:15]} 11. e4 {[%clk 0:02:42]} O-O {[%clk 0:02:07]} 12. Re1
{[%clk 0:02:41]} Ba6 {[%clk 0:01:58]} 13. Bf4 {[%clk 0:02:38]} dxe4
{[%clk 0:01:46]} 14. Nxe4 {[%clk 0:02:37]} Nd5 {[%clk 0:01:44]} 15. Bd2
{[%clk 0:02:31]} Rb8 {[%clk 0:01:45]} 16. b3 {[%clk 0:02:28]} Bd3
{[%clk 0:01:35]} 17. Nc5 {[%clk 0:02:26]} Bxc5 {[%clk 0:01:24]} 18. dxc5
{[%clk 0:02:27]} Ba6 {[%clk 0:01:20]} 19. Rc1 {[%clk 0:02:12]} Qf6 20. Qc2
{[%clk 0:01:40]} Rfd8 {[%clk 0:01:20]} 21. Bc3 {[%clk 0:01:37]} Qe7
{[%clk 0:00:59]} 22. Be5 {[%clk 0:01:34]} Rb7 {[%clk 0:00:49]} 23. Rcd1
{[%clk 0:01:27]} Nb4 {[%clk 0:00:40]} 24. Rxd8+ {[%clk 0:00:40]} Qxd8
{[%clk 0:00:41]} 25. Qc3 {[%clk 0:00:41]} Qg5 {[%clk 0:00:19]} 26. h4
{[%clk 0:00:35]} Qg4 {[%clk 0:00:17]} 27. Re4 {[%clk 0:00:24]} Qf5
{[%clk 0:00:10]} 28. Rxb4 {[%clk 0:00:18]} Rxb4 {[%clk 0:00:10]} 29. Qxb4
{[%clk 0:00:19]} Qxe5 {[%clk 0:00:11]} 30. Qa5 {[%clk 0:00:20]} 1-0